<?xml version="1.0" encoding="UTF-8"?>
<collection xmlns="http://www.loc.gov/MARC21/slim">
 <record>
  <leader>01860nam a2200289 a 4500</leader>
  <controlfield tag="001">TVCDKTCT6728</controlfield>
  <controlfield tag="003">Thư viện trường Cao đẳng Kỹ thuật Cao Thắng</controlfield>
  <controlfield tag="005">20070413000000</controlfield>
  <controlfield tag="008">070413</controlfield>
  <datafield tag="980" ind1="\" ind2="\">
   <subfield code="a">Thư viện Trường CĐ Kỹ Thuật Cao Thắng</subfield>
  </datafield>
  <datafield tag="024" ind1=" " ind2=" ">
   <subfield code="a">RG_1 #1 eb0 i1 i5</subfield>
  </datafield>
  <datafield tag="041" ind1="0" ind2="#">
   <subfield code="a">vie</subfield>
  </datafield>
  <datafield tag="082" ind1="#" ind2="#">
   <subfield code="a">100 / </subfield>
   <subfield code="b">C452NG-l</subfield>
  </datafield>
  <datafield tag="100" ind1="1" ind2="#">
   <subfield code="a">Hoàng Anh</subfield>
  </datafield>
  <datafield tag="245" ind1="0" ind2="0">
   <subfield code="a">Đạo, Hành và Thành công Cội nguồn của Triết học /</subfield>
   <subfield code="c">Hoàng Anh, Lưu Đan</subfield>
  </datafield>
  <datafield tag="260" ind1="#" ind2="#">
   <subfield code="a">H. :</subfield>
   <subfield code="b">Hà Nội ,</subfield>
   <subfield code="c">2007</subfield>
  </datafield>
  <datafield tag="300" ind1="#" ind2="#">
   <subfield code="a">136tr. ;</subfield>
   <subfield code="c">21</subfield>
  </datafield>
  <datafield tag="520" ind1="#" ind2="#">
   <subfield code="a">Sự sống vẫn luôn tồn tại, dòng chảy ngôn ngữ triết học là không ngừng.Cuốn sách này nhấn mạnh triết học phải ắn liền hiện thực và cuộc sống thực tế, phải quan mật thiết với sự sinh tồn và tinh thần, từ đó nân cao tư duy triết học, thuyết sinh tồn, thuyết tồn tại rồi tri thức luận các thuyết khoa học để từ đó có cách nhìn riên về triết học. Cuốn sách này gồm :</subfield>
  </datafield>
  <datafield tag="520" ind1="#" ind2="#">
   <subfield code="a">+ Sự suy ngẫm triết học xuất phát từ những việc đã từng trải qua</subfield>
  </datafield>
  <datafield tag="520" ind1="#" ind2="#">
   <subfield code="a">+ Khởi đầu, kết thúc của triết học và những thứ khác</subfield>
  </datafield>
  <datafield tag="520" ind1="#" ind2="#">
   <subfield code="a">+ Nguyên ( cội nguồn), Nguyên( bản nguyên) duyên của triết học- Tính không thể lặp</subfield>
  </datafield>
  <datafield tag="520" ind1="#" ind2="#">
   <subfield code="a">+ Vài thuyết pháp về phục hưng triết học</subfield>
  </datafield>
  <datafield tag="520" ind1="#" ind2="#">
   <subfield code="a">+ Dĩ thoái vi tiến, tìm sự tự cứu của triết học</subfield>
  </datafield>
  <datafield tag="650" ind1="#" ind2="4">
   <subfield code="a">Triết học--Đạo</subfield>
  </datafield>
  <datafield tag="650" ind1="#" ind2="4">
   <subfield code="a">Triết học--Hành</subfield>
  </datafield>
  <datafield tag="650" ind1="#" ind2="4">
   <subfield code="a">Triết học--Cội nguồn</subfield>
  </datafield>
  <datafield tag="700" ind1="0" ind2="#">
   <subfield code="a">Lưu Đan</subfield>
  </datafield>
 </record>
</collection>
